The Venetian's wife : (Record no. 342533)

000 -LEADER
fixed length control field 01288cam a2200301 a 4500
001 - CONTROL NUMBER
control field 4453949
003 - CONTROL NUMBER IDENTIFIER
control field NUST
005 - DATE AND TIME OF LATEST TRANSACTION
control field 20180101140934.0
008 - FIXED-LENGTH DATA ELEMENTS--GENERAL INFORMATION
fixed length control field 951127s1996 cauab 000 1 eng
010 ## - LIBRARY OF CONGRESS CONTROL NUMBER
LC control number 95047243
020 ## - INTERNATIONAL STANDARD BOOK NUMBER
International Standard Book Number 0811811409
040 ## - CATALOGING SOURCE
Original cataloging agency DLC
Transcribing agency DLC
Modifying agency OCoLC
-- DLC
050 00 - LIBRARY OF CONGRESS CALL NUMBER
Classification number PR6052.A54
Item number V46 1996
082 00 - DEWEY DECIMAL CLASSIFICATION NUMBER
Classification number 823.914
Author Mark BAN
100 1# - MAIN ENTRY--PERSONAL NAME
Personal name Bantock, Nick.
9 (RLIN) 7911
245 14 - TITLE STATEMENT
Title The Venetian's wife :
Remainder of title a strangely sensual tale of a Renaissance explorer, a computer, and a metamorphosis /
Statement of responsibility, etc. by Nick Bantock.
260 ## - PUBLICATION, DISTRIBUTION, ETC.
Place of publication, distribution, etc. San Francisco :
Name of publisher, distributor, etc. Chronicle Books,
Date of publication, distribution, etc. 1996.
300 ## - PHYSICAL DESCRIPTION
Extent 131 p. :
Other physical details col. ill., col. map ;
Dimensions 25 cm.
650 #0 - SUBJECT ADDED ENTRY--TOPICAL TERM
Topical term or geographic name entry element Art restorers
General subdivision Fiction.
9 (RLIN) 7912
650 #0 - SUBJECT ADDED ENTRY--TOPICAL TERM
Topical term or geographic name entry element Erotic art
General subdivision Fiction.
9 (RLIN) 7913
655 #7 - INDEX TERM--GENRE/FORM
Genre/form data or focus term Epistolary fiction.
Source of term gsafd
9 (RLIN) 7914
655 #7 - INDEX TERM--GENRE/FORM
Genre/form data or focus term Diary fiction.
Source of term lcsh
9 (RLIN) 7915
856 42 - ELECTRONIC LOCATION AND ACCESS
Materials specified Publisher description
Uniform Resource Identifier <a href="http://www.loc.gov/catdir/enhancements/fy0722/95047243-d.html">http://www.loc.gov/catdir/enhancements/fy0722/95047243-d.html</a>
856 42 - ELECTRONIC LOCATION AND ACCESS
Materials specified Contributor biographical information
Uniform Resource Identifier <a href="http://www.loc.gov/catdir/enhancements/fy0738/95047243-b.html">http://www.loc.gov/catdir/enhancements/fy0738/95047243-b.html</a>
906 ## - LOCAL DATA ELEMENT F, LDF (RLIN)
a 7
b cbc
c orignew
d 1
e ocip
f 19
g y-gencatlg
942 ## - ADDED ENTRY ELEMENTS (KOHA)
Source of classification or shelving scheme
Koha item type Book
Holdings
Withdrawn status Lost status Source of classification or shelving scheme Damaged status Not for loan Permanent Location Current Location Shelving location Date acquired Full call number Barcode Date last seen Copy number Price effective from Koha item type
          Central Library (CL) Central Library (CL) Fiction 01/01/2018 823.914 BAN CL3314 01/01/2018 1 01/01/2018 Book
© 2023 Central Library, National University of Sciences and Technology. All Rights Reserved.